Derecho para el emprendimiento y los negocios: los aspectos legales que un empresario debe conocer para generar ventajas competitivas
محفوظ في:
| المؤلف الرئيسي: | |
|---|---|
| التنسيق: | كتاب |
| اللغة: | الإسبانية |
| منشور في: |
Santiago
Universidad Católica de Chile
2011
|
| الطبعة: | 2a. ed |
| الموضوعات: | |
| الوسوم: |
إضافة وسم
لا توجد وسوم, كن أول من يضع وسما على هذه التسجيلة!
|
MARC
| LEADER | 00000cam a2200000 a 4500 | ||
|---|---|---|---|
| 001 | UCG8304 | ||
| 003 | CL-VaPUC | ||
| 008 | 111202e20110700CL |||||||||||||||||spa|d | ||
| 020 | |a 9789561411319 | ||
| 082 | 0 | 4 | |a 346.065 |b SAI |2 21 |
| 100 | 0 | |a Saieh Mena, Cristián |e author |9 559280 | |
| 245 | 1 | 0 | |a Derecho para el emprendimiento y los negocios: los aspectos legales que un empresario debe conocer para generar ventajas competitivas |
| 250 | |a 2a. ed | ||
| 300 | |a 270 p | ||
| 942 | |c BK | ||
| 945 | |d 20111202 00:00:00 |a dcastane | ||
| 260 | |a Santiago |b Universidad Católica de Chile |c 2011 | ||
| 650 | 0 | |a Empresas |9 255569 | |
| 650 | 0 | |a Derecho privado |9 258243 | |
| 650 | 0 | |a Emprendimiento |9 553262 | |
| 650 | 0 | |a Negocios |9 262468 | |
| 583 | |a last modification |c 20111202 14:14:00 |k Rodrigo Vera | ||
| 999 | |c 345923 |d 345921 | ||
| 952 | |0 0 |1 0 |4 0 |6 346_065000000000000_SAI_2011 |7 0 |8 A |9 446310 |a BIBGIM |b BIBGIM |d 2019-11-22 |i 4808436 |o 346.065 SAI 2011 |p 4808436 |r 2025-01-15 |w 2019-11-22 |y BK |k COM | ||
| 952 | |0 0 |1 0 |4 0 |6 346_065000000000000_SAI_2011 |7 0 |8 A |9 446311 |a BIBGIM |b BIBGIM |d 2019-11-22 |i 4808444 |o 346.065 SAI 2011 |p 4808444 |r 2025-01-15 |w 2019-11-22 |y BK |k COM | ||
| 952 | |0 0 |1 0 |4 0 |6 346_065000000000000_SAI_2011 |7 0 |8 A |9 446312 |a BIBGIM |b BIBGIM |d 2019-11-22 |i 4808495 |o 346.065 SAI 2011 |p 4808495 |r 2025-01-15 |w 2019-11-22 |y BK |k COM | ||
| 952 | |0 0 |1 0 |3 erb |4 0 |6 346_065000000000000_SAI_2011 |7 0 |8 A |9 446313 |a BIBGIM |b BIBGIM |i 512090K |o 346.065 SAI 2011 |p 512090K |r 2025-01-15 |w 2019-11-22 |y BK |z Catalogado en:20141023 |k COM | ||
| 952 | |0 0 |1 0 |3 erb |4 0 |6 346_065000000000000_SAI_2011 |7 0 |8 A |9 446314 |a BIBGIM |b BIBGIM |i 5120918 |o 346.065 SAI 2011 |p 5120918 |r 2025-01-15 |w 2019-11-22 |y BK |z Catalogado en:20141023 |k COM | ||
| 952 | |0 0 |1 0 |3 erb |4 0 |6 346_065000000000000_SAI_2011 |7 0 |8 A |9 446315 |a BIBGIM |b BIBGIM |i 5120926 |o 346.065 SAI 2011 |p 5120926 |r 2025-01-15 |w 2019-11-22 |y BK |z Catalogado en:20141023 |k COM | ||
| 952 | |0 0 |1 0 |3 erb |4 0 |6 346_065000000000000_SAI_2011 |7 0 |8 A |9 446316 |a BIBGIM |b BIBGIM |i 5120934 |o 346.065 SAI 2011 |p 5120934 |r 2025-01-15 |w 2019-11-22 |y BK |z Catalogado en:20141023 |k COM | ||
| 952 | |0 0 |1 0 |3 erb |4 0 |6 346_065000000000000_SAI_2011 |7 0 |8 A |9 446317 |a BIBGIM |b BIBGIM |i 5120942 |o 346.065 SAI 2011 |p 5120942 |r 2025-01-15 |w 2019-11-22 |y BK |z Catalogado en:20141023 |k COM | ||